000 00655nam a2200205Ii 4500
003 JO-AjNU
008 230605s9999||||xx |||||||||||||| ||und||
017 _a1971/4511
040 _aJO-AjNU
_bara
_erda
_cJO-AjNU
041 _aara
050 1 4 _aPJ7826 1971
100 3 _aتأليف البنداري،سامي,
_eauthor
_915174
245 0 0 _aالسراية (رواية)
264 3 1 _aالقاهرة:الهيئة المصرية العامة للنشر،1971
300 _a309ص
336 _atext
_btxt
_2rdacontent
337 _aunmediated
_bn
_2rdamedia
338 _avolume
_bnc
_2rdacarrier
650 4 _aالأدب العربي - روايات
_915175
999 _aA4223
_c7791
_d7791